Introduction to Data mining (Record no. 29586)
[ view plain ]
| 000 -LEADER | |
|---|---|
| fixed length control field | 00339nam a2200157Ia 4500 |
| 082 ## - DEWEY DECIMAL CLASSIFICATION NUMBER | |
| Classification number | 658.403/TAN |
| Item number | TAN |
| 100 ## - MAIN ENTRY--PERSONAL NAME | |
| Personal name | Tan/Pang-Ning |
| 245 ## - TITLE STATEMENT | |
| Title | Introduction to Data mining |
| 260 ## - PUBLICATION, DISTRIBUTION, ETC. | |
| Name of publisher, distributor, etc. | Pearson Education |
| Place of publication, distribution, etc. | Mumbai |
| Date of publication, distribution, etc. | 2006 |
| 366 ## - TRADE AVAILABILITY INFORMATION | |
| Publishers's discount category | 20 |
| 300 ## - PHYSICAL DESCRIPTION | |
| Extent | 769 |
| 546 ## - LANGUAGE NOTE | |
| Language note | ENGLISH |
| 654 ## - SUBJECT ADDED ENTRY--FACETED TOPICAL TERMS | |
| Focus term | data mining |
| 942 ## - ADDED ENTRY ELEMENTS (KOHA) | |
| Koha item type | BOOK |
| Withdrawn status | Lost status | Damaged status | Not for loan | Collection | Home library | Current library | Date acquired | Source of acquisition | Cost, normal purchase price | Inventory number | Total Checkouts | Full call number | Barcode | Date last seen | Cost, replacement price | Price effective from | Koha item type |
|---|---|---|---|---|---|---|---|---|---|---|---|---|---|---|---|---|---|
| CRC | Fr. Agnel's C.Rodrigues College of Engineering | Fr. Agnel's C.Rodrigues College of Engineering | 17/03/2023 | United Book Distributors | 405.00 | 6283 dt 26/03/2008 | 658.403/TAN TAN | 18610 | 17/03/2023 | 425.00 | BOOK |